000
00286nam a22001097a 4500
008
230704b xxu||||| |||| 00| 0 eng d
082
_a
342.2
_b
MOU 1992
245
_a
The British Institution Now
_b
Ferdinand Mount
260
_b
Ferdinand Mount
_c
1992
300
_a
VII,288p
942
_2
ddc
_c
BK
999
_c
3644
_d
3644